Κατάλογος Βιβλιοθηκών Mediterranean College

B2B Management Εμπορικής Ταυτότητας / Με τη Συνεργασία της Ines Michi: Παρατίθενται 76 εικόνες και 7 πίνακες (Record no. 6324)

MARC details
000 -LEADER
fixed length control field 01312cam a22002174a 4500
005 - ΗΜΕΡΟΜΗΝΙΑ ΚΑΙ ΩΡΑ ΤΕΛΕΥΤΑΙΑΣ ΕΝΗΜΕΡΩΣΗΣ
Πεδίο ελέγχου 20250605164239.0
008 - FIXED-LENGTH DATA ELEMENTS--GENERAL INFORMATION
Πεδίο ελέγχου σταθερού μήκους 250528s ||||||||||||||||||||||||d
035 ## - SYSTEM CONTROL NUMBER
System control number 21257
020 ## - ISBN
ISBN 9789604574902
040 ## - ΠΗΓΗ ΚΑΤΑΛΟΓΟΓΡΑΦΗΣΗΣ
Φορέας πρωτότυπης καταλογογράφησης MC Athens Campus Library
Γλώσσα καταλογογράφησης Ελληνικά, Μοντέρνα (1453-)
Modifying agency MC Athens Campus Library
Κανόνες περιγραφικής καταλογογράφησης AACR2
245 1# - ΤΙΤΛΟΣ ΚΑΙ ΔΗΛΩΣΗ ΥΠΕΥΘΥΝΟΤΗΤΑΣ
Τίτλος B2B Management Εμπορικής Ταυτότητας / Με τη Συνεργασία της Ines Michi: Παρατίθενται 76 εικόνες και 7 πίνακες
250 ## - EDITION STATEMENT
Edition statement
260 ## - PUBLICATION, DISTRIBUTION, ETC.
Name of publisher, distributor, etc. Μαλλιάρης-Παιδεία,
Date of publication, distribution, etc. 2012
300 ## - PHYSICAL DESCRIPTION
Extent 352
520 ## - SUMMARY, ETC.
Summary, etc. Το παρόν βιβλίο εξετάζει εις βάθος την τέχνη και την επιστήμη των βιομηχανικών προιόντων branding. Πρόλογος, Εισαγωγή, Γνωστός και Αναγνωρίσιμος ή Ένας Μεταξύ Πολλών, Αξίζει ή Όχι η Δημιουργία στον Τομέα B2B, Επιτάχυνση μέσω Branding, Ιστορίες Επιτυχίας του Branding στον τομέα B2B, Προσοχή στις Παγίδες του Branding, Μελλοντική Προοπτική, Βιβλιογραφία, Ιστότοποι.
700 1# - ΠΡΟΣΘΕΤΗ ΑΝΑΓΡΑΦΗ--ΦΥΣΙΚΟ ΠΡΟΣΩΠΟ
Personal name Kotler Philip
9 (RLIN) 1146
700 1# - ΠΡΟΣΘΕΤΗ ΑΝΑΓΡΑΦΗ--ΦΥΣΙΚΟ ΠΡΟΣΩΠΟ
Personal name Pfoertsch Waldemar
9 (RLIN) 7293
942 ## - ADDED ENTRY ELEMENTS (KOHA)
Koha item type Books
Holdings
Τύπος τεκμηρίου Βιβλιοθήκη Τρέχουσα τοποθεσία Barcode Αριθμός εισαγωγής Ημερομηνία απόκτησης Ταξιθετικό σύμβολο Αριθμός αντιτύπου Κατάσταση απόσυρσης Κατάσταση χαμένου Κατάσταση κατεστραμμένου Μη δανεισμός Σύνολο δανεισμών Ημερομηνία τελευταίας εμφάνισης Η τιμή ισχύει από
Books MC Athens Campus Library MC Athens Campus Library 9780000063236 5284 05/06/2025 658.804 KOT 1           05/06/2025 05/06/2025

MC Athens Campus Library
Πατησίων 94 & Κοδριγκτώνος 13, 104 34
Πελλήνης 8 & Πατησίων 107, 112 51
Τ: +30 210 8899600

MC Thessaloniki Campus Library
Ίωνος Δραγούμη 21, 54625 | Ίωνος Δραγούμη 15, 54625
Τ: +30 2310 287779 – Τ: +30 2314 440300